banner-ar

AD Architecture Design \ (Record no. 60752)

MARC details
000 -الفاتح
حقل البيانات ثابتة الطول 00599nam a22002177a 4500
005 - وقت وتاريخ اخر تعامل مع التسجيلة
رقم الضبط 20240530110426.0
008 - عناصر البيانات ثابتة الطول - معلومات عامة
حقل البيانات ثابتة الطول 150324s2013 ko ao f |||| 00| 0 eng d
020 ## - الرقم الدولى المعيارى للكتب
الرقم الدولى المعيارى للكتاب 9788997767076 (v.1: hbk)
020 ## - الرقم الدولى المعيارى للكتب
الرقم الدولى المعيارى للكتاب 9788997767083 (v.2: hbk)
020 ## - الرقم الدولى المعيارى للكتب
الرقم الدولى المعيارى للكتاب 9788997767090 (v.3: hbk)
040 ## - مصدر الفهرسة
وكالة الفهرسة الأصلية EG-CaGPL
وكالة النسخ EG-CaGPL
082 04 - رقم تصنيف ديوى العشرى
رقم الطبعة 21
رقم التصنيف 720.222\
رقم المادة C A
110 0# - المدخل الرئيسى - إسم هيئة
اسم الهيئة أو اسم السلطة كمدخل Choseok
245 10 - بيان العنوان
العنوان AD Architecture Design \
بيان المسئوليه,etc Choseok
260 ## - PUBLICATION, DISTRIBUTION, ETC. (IMPRINT)
تاريخ النشر أو التوزيع 2013
300 ## - الوصف المادى
التعداد 3 v. :
تفاصيل ماديه اخرى للوعاء col. ill;
أبعاد الوعاء 30 cm.
650 04 - المدخل الاضافى بالموضوع-مصطلح موضوعى
مصطلح موضوعي Architectural design
942 ## - عناصر المدخل الإضافي( كوها)
مصدر التصنيف او مخطط الترفيف Dewey Decimal Classification
Koha [default] item type كتاب
260 ## - PUBLICATION, DISTRIBUTION, ETC. (IMPRINT)
-- Korea:
-- Choseok,
Holdings
حالة التراجع حالة الفقد مصدر التصنيف او خطة الترفيف حالة تلف ليس للاعارة المكان المؤقت الموقع الحالى تاريخ الاكتساب اجمالي اﻻعارات رقم الطلب الباركود تاريخ اخر مشاهدة تاريخ تفعيل السعر نوع وعاء كوها
    ddc     مكتبة القاهرة الكبرى مكتبة القاهرة الكبرى 03/24/2015   720.222\ C A 159862 03/24/2015 03/24/2015 كتاب
    ddc     مكتبة القاهرة الكبرى مكتبة القاهرة الكبرى 03/24/2015   720.222\ C A 159863 03/24/2015 03/24/2015 كتاب
    ddc     مكتبة القاهرة الكبرى مكتبة القاهرة الكبرى 03/24/2015   720.222\ C A 159864 03/24/2015 03/24/2015 كتاب

Powered By

EGPV